Construction Manual for Polymers +Membranes : (Record no. 354065)

000 -LEADER
fixed length control field 00791cam a22002295a 4500
001 - CONTROL NUMBER
control field 17168556
003 - CONTROL NUMBER IDENTIFIER
control field OSt
005 - DATE AND TIME OF LATEST TRANSACTION
control field 20180116192425.0
008 - FIXED-LENGTH DATA ELEMENTS--GENERAL INFORMATION
fixed length control field 120216s xx 000 0 eng
010 ## - LIBRARY OF CONGRESS CONTROL NUMBER
LC control number 2012359298
020 ## - INTERNATIONAL STANDARD BOOK NUMBER
International Standard Book Number 9783034607261
040 ## - CATALOGING SOURCE
Original cataloging agency DLC
Transcribing agency DLC
Modifying agency DLC
082 ## - DEWEY DECIMAL CLASSIFICATION NUMBER
Classification number 668.9
245 00 - TITLE STATEMENT
Title Construction Manual for Polymers +Membranes :
Remainder of title Materials, Semi-finished Products, Form-Finding, Design.
260 ## - PUBLICATION, DISTRIBUTION, ETC.
Place of publication, distribution, etc. Basel :
Name of publisher, distributor, etc. Birkhèauser Verlag,
Date of publication, distribution, etc. 2011.
300 ## - PHYSICAL DESCRIPTION
Extent 296 p. :
Other physical details ill. (some col) ;
Dimensions 30 cm
490 0# - SERIES STATEMENT
Series statement Edition Detail
856 42 - ELECTRONIC LOCATION AND ACCESS
Materials specified Publisher description
Uniform Resource Identifier <a href="http://www.loc.gov/catdir/enhancements/fy1212/2012359298-d.html">http://www.loc.gov/catdir/enhancements/fy1212/2012359298-d.html</a>
906 ## - LOCAL DATA ELEMENT F, LDF (RLIN)
a 0
b ibc
c orignew
d 2
e ncip
f 20
g y-gencatlg
942 ## - ADDED ENTRY ELEMENTS (KOHA)
Source of classification or shelving scheme
Koha item type Book
Holdings
Withdrawn status Lost status Source of classification or shelving scheme Damaged status Not for loan Permanent Location Current Location Date acquired Total Checkouts Full call number Barcode Date last seen Copy number Cost, replacement price Price effective from Koha item type Source of acquisition
          School of Art Design and Architecture (SADA) School of Art Design and Architecture (SADA) 02/11/2015   668.9 CON 2011 SADA0002452 01/05/2017 01 11272.62 01/05/2017 Book  
          School of Art Design and Architecture (SADA) School of Art Design and Architecture (SADA) 01/04/2017   668.9 CON 2011 SADA0002647 02/14/2024 02 6265.73 02/14/2024 Book S.A.Rehman
© 2023 Central Library, National University of Sciences and Technology. All Rights Reserved.